Selections from the dispatches and general orders of Field Marshal the Duke of Wellington. (Record no. 553411)
[ view plain ]
| 000 -LEADER | |
|---|---|
| fixed length control field | 00520cam a22001571 4500 |
| 082 ## - DEWEY DECIMAL CLASSIFICATION NUMBER | |
| Classification number | 940.27 |
| Author Mark | GUR |
| 100 1# - MAIN ENTRY--PERSONAL NAME | |
| Personal name | Wellington, Arthur Wellesley, |
| 9 (RLIN) | 50651 |
| 245 00 - TITLE STATEMENT | |
| Title | Selections from the dispatches and general orders of Field Marshal the Duke of Wellington. |
| Statement of responsibility, etc. | By Lieut. Colonel Gurwood. |
| 250 ## - EDITION STATEMENT | |
| Edition statement | New ed. |
| 260 ## - PUBLICATION, DISTRIBUTION, ETC. | |
| Place of publication, distribution, etc. | London, |
| Name of publisher, distributor, etc. | J. Murray, |
| Date of publication, distribution, etc. | 1851. |
| 300 ## - PHYSICAL DESCRIPTION | |
| Extent | xliv, 939 p. |
| Dimensions | 23 cm. |
| 500 ## - GENERAL NOTE | |
| General note | Includes index. |
| 526 ## - STUDY PROGRAM INFORMATION NOTE | |
| Program name | 0 |
| Interest level | 0 |
| Reading level | 0 |
| Title point value | 940_270000000000000_GUR |
| 700 1# - ADDED ENTRY--PERSONAL NAME | |
| Personal name | Gurwood, John, |
| 9 (RLIN) | 50652 |
| 942 ## - ADDED ENTRY ELEMENTS (KOHA) | |
| Source of classification or shelving scheme | |
| Koha item type | Book |
| Withdrawn status | Lost status | Source of classification or shelving scheme | Damaged status | Not for loan | Permanent Location | Current Location | Shelving location | Date acquired | Total Checkouts | Full call number | Barcode | Date last seen | Price effective from | Koha item type |
|---|---|---|---|---|---|---|---|---|---|---|---|---|---|---|
| Military College of Engineering (MCE) | Military College of Engineering (MCE) | 02/10/2015 | 940.27 GUR | MCE-ECS/50 | 02/10/2015 | 02/10/2015 | Book |
